| 000 | 00575nam a2200145Ia 4500 | ||
|---|---|---|---|
| 008 | 260210s9999 xx 000 0 und d | ||
| 024 | _a19B-011-SE, 19B-004-SE, 19B-017-SE & 19B-035-SE | ||
| 100 | _aAdnan Samad, M Omar Siddiqui, Alisha Hameed & Hafiz Taha Sharif | ||
| 110 | _aDr. Sharaf Hussain | ||
| 245 | 0 | _aVehicle detection system | |
| 260 |
_aKarachi: _bUITU, _c2019 |
||
| 600 | _aSoftware engineering | ||
| 650 | _aBachelor of Engineering (BE) | ||
| 856 |
_uhttps://drive.google.com/file/d/1Sg1mi2F4w3N1r-mjXnB56Cq0v5poWGVf/view?usp=sharing _yClick here for PDF |
||
| 999 |
_c33496 _d33496 |
||